LIBRARY & INFORMATION CENTRE, KCAET, TAVANUR

ONLINE PUBLIC ACCESS CATALOGUE (OPAC)

Kaayikapravartham (Record no. 18974)

MARC details
000 -LEADER
fixed length control field 00320nam a22001217a 4500
003 - CONTROL NUMBER IDENTIFIER
control field OSt
008 - FIXED-LENGTH DATA ELEMENTS--GENERAL INFORMATION
fixed length control field 250107b |||||||| |||| 00| 0 eng d
041 ## - LANGUAGE CODE
Language code of text/sound track or separate title eng
100 ## - MAIN ENTRY--AUTHOR NAME
Personal name Ramachandran Nair
245 ## - TITLE STATEMENT
Title Kaayikapravartham
260 ## - PUBLICATION, DISTRIBUTION, ETC. (IMPRINT)
Name of publisher Directorate of Extension Education, Kerala Agricultural University
942 ## - ADDED ENTRY ELEMENTS (KOHA)
Koha item type Books
Holdings
Withdrawn status Lost status Damaged status Home library Current library Date acquired Accession Number Koha item type
Withdrawn     KAUAET KAUAET 07/01/2025 14088 Books
Withdrawn     KAUAET KAUAET 07/01/2025 14091 Books
Withdrawn     KAUAET KAUAET 07/01/2025 14092 Books
Withdrawn     KAUAET KAUAET 07/01/2025 14095 Books
free website counter